[Event "VII Open Primavera"]
[Site "Como ITA"]
[Date "2012.05.24"]
[Round "6"]
[White "Corti, Filippo"]
[Black "Giaracuni, Claudio"]
[WhiteElo "1668"]
[BlackElo "1823"]
[Result "1/2-1/2"]
[PlyCount "105"]
[EventDate "2012.04.19"]

1. Nf3 c6 2. g3 d5 3. Bg2 Nd7 4. d3 e5 5. Nbd2 Ngf6 6. O-O Bd6 7. b3 O-O 8. Bb2
Re8 9. e4 Nf8 10. exd5 cxd5 11. Re1 Bg4 12. h3 Bxf3 13. Nxf3 Ng6 14. Qd2 Qc7
15. Rac1 Rac8 16. c4 Qb8 17. cxd5 Nxd5 18. Rxc8 Rxc8 19. Re4 f5 20. Rc4 Nb6 21.
Rxc8+ Qxc8 22. Qc3 Qxc3 23. Bxc3 Nd7 24. Nd2 Nc5 25. Bd5+ Kh8 26. Bc4 a6 27. a4
h5 28. Nf3 b5 29. axb5 axb5 30. Bf7 e4 31. Bxg6 exf3 32. Bxf5 Nxb3 33. Be4 Nc1
34. Bxf3 b4 35. Bd2 Nxd3 36. Bxh5 Bc5 37. Be3 b3 38. Bd1 Bxe3 39. fxe3 Nc5 40.
Kf1 Kg8 41. Ke2 Kf8 42. g4 Ke7 43. Kd2 Ne4+ 44. Kc1 b2+ 45. Kxb2 Nf2 46. Be2
Nxh3 47. Kc3 Kf6 48. Kd4 Ng5 49. e4 Ne6+ 50. Ke3 Ke5 51. Bf3 Nc5 52. g5 Ne6 53.
g6 1/2-1/2

[Event "VII Open Primavera"]
[Site "Como ITA"]
[Date "2012.05.24"]
[Round "6"]
[White "Gomez, Roberto"]
[Black "Petetta, Roberto"]
[WhiteElo "1904"]
[BlackElo "1665"]
[Result "0-1"]
[PlyCount "106"]
[EventDate "2012.04.19"]

1. e4 c5 2. d4 cxd4 3. c3 dxc3 4. Nxc3 d6 5. Bc4 e6 6. Nf3 Be7 7. O-O Nf6 8.
Qe2 O-O 9. Rd1 Qc7 10. Nb5 Qc6 11. Bf4 e5 12. Bg5 Be6 13. Bxe6 fxe6 14. Rac1
Qb6 15. Nc7 Nc6 16. Nxa8 Rxa8 17. Bxf6 gxf6 18. Qc4 Kf7 19. b4 Qxb4 20. Qxb4
Nxb4 21. Rc7 Rb8 22. a3 Na6 23. Rcc1 Nc5 24. Nd2 b5 25. f3 Bd8 26. Rb1 Bb6 27.
Rxb5 a6 28. Rb4 Nd3+ 29. Rxb6 Rxb6 30. Nc4 Rb3 31. Nxd6+ Ke7 32. Nc4 Nf4 33.
Kf2 Rc3 34. g3 Nh3+ 35. Kg2 Ng5 36. Nb6 Rc6 37. h4 Rc2+ 38. Kf1 Nxf3 39. Rd7+
Ke8 40. Rxh7 Nd2+ 41. Ke1 Nxe4 42. g4 Rg2 43. Rg7 Kf8 44. Rg6 Kf7 45. h5 Ng5
46. Nd7 Rxg4 47. Nxf6 Nf3+ 48. Kf2 Rf4 49. Ke3 Nh4 50. Nd7 Nxg6 51. hxg6+ Kxg6
52. Nxe5+ Kf5 53. Nd3 Ra4 0-1

[Event "VII Open Primavera"]
[Site "Como ITA"]
[Date "2012.05.24"]
[Round "6"]
[White "Iachelini, Gianfranco"]
[Black "Mauri, Agostino"]
[WhiteElo "1437"]
[BlackElo "1494"]
[Result "0-1"]
[PlyCount "52"]
[EventDate "2012.04.19"]

1. Nf3 d5 2. d4 Nf6 3. h3 e6 4. Bf4 Nbd7 5. a3 Be7 6. Nc3 a6 7. e3 c5 8. dxc5
Nxc5 9. Bd3 Bd7 10. O-O Rc8 11. Re1 Nce4 12. Be5 Bc6 13. Nd2 Bd6 14. Bxf6 Nxf6
15. Nf3 O-O 16. e4 dxe4 17. Nxe4 Bb8 18. Nxf6+ Qxf6 19. c3 Qf4 20. Be2 Bxf3 21.
Bxf3 Rfd8 22. Qb3 Rd2 23. g3 Qxf3 24. Rf1 Bxg3 25. Qb6 Bf4 26. Rae1 Qxh3 0-1

[Event "VII Open Primavera"]
[Site "Como ITA"]
[Date "2012.05.24"]
[Round "6"]
[White "Lipari, Alberto"]
[Black "Ghelfi, Giancarlo"]
[WhiteElo "1609"]
[BlackElo "1667"]
[Result "1-0"]
[PlyCount "65"]
[EventDate "2012.04.19"]

1. c4 Nf6 2. d4 g6 3. Nc3 Bg7 4. Bg5 d6 5. Nf3 h6 6. Bh4 g5 7. Bg3 Nh5 8. e3
Nxg3 9. fxg3 Nd7 10. Be2 c5 11. O-O Nf6 12. Qc2 Ng4 13. Nd5 e6 14. h3 exd5 15.
hxg4 Be6 16. cxd5 Bxd5 17. dxc5 Rc8 18. Bb5+ Kf8 19. Nd4 Rxc5 20. Qf5 Bxd4 21.
exd4 Be6 22. Qxe6 Rc7 23. Bc4 Rh7 24. Bd3 Rg7 25. Qxh6 Qd7 26. Bf5 Qa4 27. Qh8+
Rg8 28. Qf6 Qc6 29. Qd8+ Kg7 30. Qxg5+ Kf8 31. Qf4 Qd5 32. Rac1 Re7 33. Rc8+
1-0

[Event "VII Open Primavera"]
[Site "Como ITA"]
[Date "2012.05.24"]
[Round "6"]
[White "Napoli, Ferdinando"]
[Black "Rossi, Giampiero"]
[WhiteElo "1724"]
[BlackElo "1896"]
[Result "0-1"]
[PlyCount "46"]
[EventDate "2012.04.19"]

1. e4 c5 2. Nf3 e6 3. d4 cxd4 4. Nxd4 a6 5. Be2 Nf6 6. Nc3 Qc7 7. O-O Bb4 8.
Qd3 d6 9. Kh1 Bd7 10. f4 Nc6 11. Nxc6 Bxc6 12. Bf3 O-O 13. Be3 Rac8 14. Rad1
Bxc3 15. Qxc3 Bxe4 16. Qxc7 Rxc7 17. Rxd6 Bxf3 18. Rxf3 Rxc2 19. Rd2 Rfc8 20.
h3 Nd5 21. Rxc2 Rxc2 22. Bd4 f6 23. g3 Rd2 0-1

[Event "VII Open Primavera"]
[Site "Como ITA"]
[Date "2012.05.24"]
[Round "6"]
[White "Panzetta, Vieri"]
[Black "Zerboni, Giuseppe"]
[WhiteElo "1459"]
[BlackElo "1455"]
[Result "0-1"]
[PlyCount "66"]
[EventDate "2012.04.19"]

1. e4 c5 2. Nf3 d6 3. d4 cxd4 4. Nxd4 Nf6 5. Nc3 a6 6. a3 Nbd7 7. Be2 b5 8. O-O
Bb7 9. f3 Qb6 10. Be3 g6 11. Bf2 Qc7 12. Bh4 Bg7 13. Bxf6 Bxf6 14. Nb3 Rc8 15.
Nd5 Bxd5 16. exd5 Bxb2 17. Ra2 Bg7 18. a4 Qb6+ 19. Kh1 O-O 20. axb5 axb5 21.
Qd3 b4 22. Rd1 Ne5 23. Qa6 Qf2 24. Rf1 Qe3 25. Bb5 h5 26. Na5 Ra8 27. Qb7 Bf6
28. Bc6 Rab8 29. Qa6 h4 30. Bb7 h3 31. gxh3 Nxf3 32. Rxf3 Qxf3+ 33. Kg1 Bd4#
0-1

[Event "VII Open Primavera"]
[Site "Como ITA"]
[Date "2012.05.24"]
[Round "6"]
[White "Puppi, Simone"]
[Black "Crippa, Matteo"]
[WhiteElo "1588"]
[BlackElo "1517"]
[Result "1-0"]
[PlyCount "67"]
[EventDate "2012.04.19"]

1. e4 e5 2. Nf3 Nc6 3. d4 exd4 4. Nxd4 Bc5 5. Nf5 d6 6. Nxg7+ Kf8 7. Nf5 Bxf5
8. exf5 Qh4 9. g3 Qe4+ 10. Kd2 Qxh1 11. b3 Qd5+ 12. Bd3 Ne5 13. Bb2 Nxd3 14.
cxd3 f6 15. Qh5 Qf7 16. Qf3 c6 17. Nc3 Ne7 18. Ne4 Qd5 19. Bxf6 Rg8 20. g4 Bd4
21. Bxe7+ Kxe7 22. Re1 Kd8 23. Qf4 Be5 24. Qh6 Qf7 25. Nxd6 Bxd6 26. Qxd6+ Qd7
27. Qf6+ Kc8 28. Re7 Qd8 29. Qe6+ Kb8 30. Rd7 Qa5+ 31. Kc1 Qc5+ 32. Kb2 Rf8 33.
d4 Qb4 34. Qe5+ 1-0

[Event "VII Open Primavera"]
[Site "Como ITA"]
[Date "2012.05.24"]
[Round "6"]
[White "Salvade', Ettore"]
[Black "Primerano, Carlo"]
[WhiteElo "1407"]
[BlackElo "1751"]
[Result "1-0"]
[PlyCount "59"]
[EventDate "2012.04.19"]

1. e4 c5 2. Nf3 e6 3. Bc4 Nc6 4. a3 Qc7 5. Nc3 a6 6. O-O Nf6 7. Re1 d6 8. d3
Be7 9. Bf4 O-O 10. Ne2 b5 11. Ba2 Bb7 12. Ng3 Rac8 13. e5 dxe5 14. Bxe5 Nxe5
15. Nxe5 Bd5 16. Qe2 Qd6 17. c4 bxc4 18. dxc4 Ba8 19. Rad1 Qc7 20. Bb1 Rcd8 21.
Bc2 Bd6 22. b3 Nd7 23. Qd3 Nf6 24. Nh5 Ne4 25. Rxe4 Bxe5 26. Rd4 f5 27. Rxd8
Bxh2+ 28. Kh1 Bc6 29. Rxf8+ Kxf8 30. Qd8+ 1-0

[Event "VII Open Primavera"]
[Site "Como ITA"]
[Date "2012.05.31"]
[Round "7"]
[White "Casarola, Andrea"]
[Black "Rossi, Silio"]
[WhiteElo "1284"]
[BlackElo "1580"]
[Result "0-1"]
[PlyCount "140"]
[EventDate "2012.04.19"]

1. d4 Nf6 2. Nf3 e6 3. e3 Bb4+ 4. c3 Bd6 5. Bd3 h6 6. Nbd2 c6 7. O-O O-O 8. b3
b5 9. c4 bxc4 10. bxc4 Bc7 11. Ba3 Re8 12. Qc2 d5 13. Rab1 dxc4 14. Nxc4 Ba6
15. Nce5 Bxd3 16. Qxd3 Bd6 17. Rfc1 Bxa3 18. Qxa3 Qc7 19. Rc5 Nfd7 20. Rc4 Nb6
21. Rc5 N6d7 22. Nxd7 Nxd7 23. Ra5 Nb6 24. Rb4 Qd6 25. Rb3 Nc4 26. Qxd6 Nxd6
27. Ne5 Rec8 28. Rba3 f6 29. Rxa7 Rxa7 30. Rxa7 fxe5 31. dxe5 Nb5 32. Rb7 Nc3
33. Re7 Nxa2 34. Rxe6 c5 35. Kf1 c4 36. Ra6 Nb4 37. Ra4 Nd3 38. e6 c3 39. Ra1
c2 40. Ke2 c1=Q 41. Rxc1 Nxc1+ 42. Kf3 Re8 43. e4 Rxe6 44. Kf4 Kf7 45. h4 Nd3+
46. Ke3 Nc5 47. f3 g5 48. g3 gxh4 49. gxh4 Kf6 50. Kf4 Re5 51. Kg3 Nd3 52. Kg4
h5+ 53. Kh3 Kg6 54. Kg2 Nc5 55. Kg3 Nd3 56. Kh3 Nf4+ 57. Kg3 Ne2+ 58. Kh3 Kf6
59. Kg2 Nc3 60. Kg3 Nxe4+ 61. fxe4 Rxe4 62. Kf3 Rxh4 63. Kg2 Kf5 64. Kg1 Kf4
65. Kg2 Kg4 66. Kg1 Kg3 67. Kf1 Rh1+ 68. Ke2 h4 69. Ke3 Rf1 70. Ke2 Rf8 0-1

[Event "VII Open Primavera"]
[Site "Como ITA"]
[Date "2012.05.31"]
[Round "7"]
[White "Crippa, Matteo"]
[Black "Iachelini, Gianfranco"]
[WhiteElo "1517"]
[BlackElo "1437"]
[Result "0-1"]
[PlyCount "92"]
[EventDate "2012.04.19"]

1. e4 e5 2. Nf3 Nc6 3. Bc4 h6 4. O-O Nf6 5. Re1 d6 6. c3 Be7 7. h3 O-O 8. d4
exd4 9. cxd4 a6 10. Nbd2 b5 11. Bb3 Bb7 12. Nf1 Nh7 13. N1h2 Ng5 14. Nxg5 Bxg5
15. Nf3 Bxc1 16. Rxc1 Na5 17. Bc2 Re8 18. b3 Nc6 19. Qd3 Nb4 20. Qd2 Nxc2 21.
Qxc2 Rc8 22. d5 Qd7 23. Nd4 g6 24. Re3 Re7 25. Qd2 c6 26. dxc6 Bxc6 27. f3 Re5
28. Rec3 Bb7 29. Rxc8+ Bxc8 30. Qxh6 Rc5 31. b4 Rh5 32. Qf4 Bb7 33. Rc2 Re5 34.
Qc1 Re7 35. Nb3 Qe6 36. Na5 d5 37. Nxb7 Rxb7 38. Rc8+ Kg7 39. Rc6 Qd7 40. exd5
Qxd5 41. Qc3+ Kh7 42. Rxa6 Re7 43. Ra8 Qxa8 44. a3 Qe8 45. Kh2 Re3 46. Qb2 Qe5+
0-1

[Event "VII Open Primavera"]
[Site "Como ITA"]
[Date "2012.05.31"]
[Round "7"]
[White "Ghelfi, Giancarlo"]
[Black "Primerano, Carlo"]
[WhiteElo "1667"]
[BlackElo "1751"]
[Result "0-1"]
[PlyCount "78"]
[EventDate "2012.04.19"]

1. e4 c5 2. Nf3 e6 3. d4 cxd4 4. Nxd4 Nc6 5. Nc3 a6 6. g3 Qc7 7. Bg2 Nf6 8. O-O
Be7 9. a4 O-O 10. Kh1 d6 11. f4 Bd7 12. Be3 Rac8 13. Nb3 b6 14. Qe2 Nb4 15.
Rfd1 Bc6 16. Rd4 d5 17. e5 Ne4 18. Nxe4 dxe4 19. c3 Nd5 20. Bxe4 Nxe3 21. Qxe3
Rfd8 22. Rc4 Bxe4+ 23. Rxe4 Qc6 24. Rc1 Rd7 25. Kg2 Rcd8 26. Kh3 Rd3 27. Qe2
Qc8 28. Rc2 R3d5 29. Rc4 Qd7 30. Nd4 Bc5 31. Nf3 b5 32. axb5 axb5 33. Re4 f5
34. exf6 e5+ 35. Kg2 exf4 36. b4 Bd6 37. f7+ Qxf7 38. Ne5 Bxe5 39. Rxe5 f3+ 0-1

[Event "VII Open Primavera"]
[Site "Como ITA"]
[Date "2012.05.31"]
[Round "7"]
[White "Lipari, Alberto"]
[Black "Puppi, Simone"]
[WhiteElo "1609"]
[BlackElo "1588"]
[Result "1-0"]
[PlyCount "95"]
[EventDate "2012.04.19"]

1. c4 c5 2. Nc3 Nc6 3. g3 Nf6 4. Bg2 e6 5. d3 d5 6. cxd5 Nxd5 7. a3 Be7 8. Nh3
Bf6 9. Bd2 Nxc3 10. Bxc3 O-O 11. Rc1 e5 12. O-O Be6 13. f4 exf4 14. Nxf4 Bd4+
15. Kh1 Qd7 16. Re1 Be3 17. Nxe6 Qxe6 18. Rc2 Nd4 19. Bxd4 Bxd4 20. b4 cxb4 21.
Rc4 Bc3 22. Rf1 Qb6 23. axb4 Bxb4 24. Qa4 a5 25. Rf5 Qe6 26. Be4 Rab8 27. Qb5
b6 28. Kg2 Bc5 29. Qb2 Rbd8 30. g4 Rd6 31. Rg5 f6 32. Bf5 Qe3 33. Rxc5 bxc5 34.
Qa2+ Kh8 35. Rh5 h6 36. Rh3 Qe7 37. Qd2 g5 38. Rxh6+ Kg8 39. Rg6+ Kf7 40. Qa2+
Ke8 41. Qa4+ Kf7 42. Qa2+ Re6 43. Bxe6+ Qxe6 44. Rg7+ Kxg7 45. Qxe6 Ra8 46.
Qe7+ Kg8 47. Qxc5 Ra7 48. Qxa7 1-0

[Event "VII Open Primavera"]
[Site "Como ITA"]
[Date "2012.05.31"]
[Round "7"]
[White "Mauri, Agostino"]
[Black "Gomez, Roberto"]
[WhiteElo "1494"]
[BlackElo "1904"]
[Result "1/2-1/2"]
[PlyCount "43"]
[EventDate "2012.04.19"]

1. d4 Nf6 2. Nf3 d6 3. Bf4 g6 4. h3 Bg7 5. e3 O-O 6. Be2 Nbd7 7. c3 Ne4 8. Nbd2
d5 9. O-O c6 10. Rc1 Qa5 11. a3 Nb6 12. c4 Nxd2 13. Nxd2 dxc4 14. Nxc4 Nxc4 15.
Bxc4 e5 16. dxe5 Bxe5 17. Bxe5 Qxe5 18. Rc3 Be6 19. Bxe6 Qxe6 20. Rd3 Qf6 21.
Qb3 b6 22. Rfd1 1/2-1/2

[Event "VII Open Primavera"]
[Site "Como ITA"]
[Date "2012.05.31"]
[Round "7"]
[White "Orsenigo, Davide"]
[Black "Giaracuni, Claudio"]
[WhiteElo "1833"]
[BlackElo "1823"]
[Result "1-0"]
[PlyCount "77"]
[EventDate "2012.04.19"]

1. e4 c6 2. d4 d5 3. e5 Bf5 4. h4 h5 5. Bd3 Bxd3 6. Qxd3 e6 7. Bg5 Qb6 8. Nd2
Nd7 9. Ngf3 c5 10. c3 Nh6 11. O-O Nf5 12. dxc5 Nxc5 13. Qc2 a5 14. Rfe1 Be7 15.
Bxe7 Kxe7 16. Nb3 Nxb3 17. Qxb3 Qxb3 18. axb3 b5 19. Ra2 Ra6 20. Rea1 Rha8 21.
b4 a4 22. b3 a3 23. g3 f6 24. exf6+ gxf6 25. Nd2 d4 26. c4 bxc4 27. bxc4 Nd6
28. Kf1 Ra4 29. Rb1 Rb8 30. b5 Nxc4 31. Nxc4 Rxc4 32. Rxa3 Rb6 33. Ra6 Rxa6 34.
bxa6 Rc8 35. a7 Ra8 36. Rb7+ Kd6 37. g4 hxg4 38. h5 Kc6 39. Rg7 1-0

[Event "VII Open Primavera"]
[Site "Como ITA"]
[Date "2012.05.31"]
[Round "7"]
[White "Petetta, Roberto"]
[Black "Napoli, Ferdinando"]
[WhiteElo "1665"]
[BlackElo "1724"]
[Result "1-0"]
[PlyCount "45"]
[EventDate "2012.04.19"]

1. e4 c5 2. Nf3 d6 3. d4 cxd4 4. Nxd4 Nf6 5. Nc3 a6 6. Be2 e6 7. O-O Qc7 8. f4
b5 9. Bf3 Bb7 10. e5 Nfd7 11. exd6 Bxd6 12. Kh1 Be7 13. Ne4 Nc6 14. Be3 O-O 15.
c3 Nf6 16. Qc2 Nd5 17. Ng5 g6 18. Bxd5 Nxd4 19. Bxd4 Bxd5 20. Nf3 Qxf4 21. Ne5
Qe4 22. Qf2 Bc4 23. Nxf7 1-0

[Event "VII Open Primavera"]
[Site "Como ITA"]
[Date "2012.05.31"]
[Round "7"]
[White "Rossi, Giampiero"]
[Black "Corti, Filippo"]
[WhiteElo "1896"]
[BlackElo "1668"]
[Result "0-1"]
[PlyCount "46"]
[EventDate "2012.04.19"]

1. d4 Nf6 2. c4 g6 3. g3 Bg7 4. Bg2 d6 5. Nc3 O-O 6. Nf3 Nc6 7. O-O a6 8. h3
Rb8 9. e4 b5 10. cxb5 axb5 11. e5 Nd7 12. e6 fxe6 13. Be3 b4 14. Na4 Nf6 15.
Ng5 Bd7 16. d5 Ne5 17. b3 Nxd5 18. Bxd5 exd5 19. Qxd5+ Nf7 20. Rad1 Rb5 21. Qc4
Qc8 22. Rfe1 h6 23. Ne6 Ne5 0-1

[Event "VII Open Primavera"]
[Site "Como ITA"]
[Date "2012.05.31"]
[Round "7"]
[White "Salvade', Ettore"]
[Black "Coppola, Guido"]
[WhiteElo "1407"]
[BlackElo "1990"]
[Result "0-1"]
[PlyCount "120"]
[EventDate "2012.04.19"]

1. e4 c5 2. Nf3 d6 3. Nc3 Nf6 4. d4 cxd4 5. Nxd4 a6 6. Bg5 e6 7. h3 Be7 8. Qf3
Nbd7 9. O-O-O Qc7 10. Bd3 b5 11. a3 Rb8 12. Na2 Ne5 13. Qe2 Nc4 14. Nb4 Bb7 15.
f3 a5 16. Nxb5 Qc5 17. Bxc4 Qxg5+ 18. Kb1 Qc5 19. Na2 O-O 20. Nac3 d5 21. Ba2
Ba6 22. a4 d4 23. Rxd4 Qxd4 24. Nxd4 Bxe2 25. Ndxe2 Rfd8 26. Bc4 Nd7 27. b3 Bf6
28. Nb5 Ne5 29. Kc1 Rbc8 30. Rd1 Rxd1+ 31. Kxd1 Nxc4 32. bxc4 Rxc4 33. g4 Rxa4
34. Kd2 Rb4 35. Na3 Bb2 36. c3 Rb8 37. Nc4 a4 38. Kc2 a3 39. Kb1 Bxc3+ 40. Ka2
Bb2 41. Nxa3 Bxa3 42. Kxa3 Rd8 43. Ng1 Rd1 44. Ne2 Rd3+ 45. Kb4 Rxf3 46. Ng1
Re3 47. Kc4 Rxe4+ 48. Kd3 Ra4 49. Nf3 Kf8 50. Ke2 Ke7 51. Kf2 f6 52. Kg3 Ra3
53. h4 e5 54. Kf2 Ke6 55. g5 Rxf3+ 56. Kxf3 f5 57. h5 g6 58. hxg6 hxg6 59. Kf2
Kd5 60. Kf3 Kd4 0-1

[Event "VII Open Primavera"]
[Site "Como ITA"]
[Date "2012.05.31"]
[Round "7"]
[White "Zerboni, Giuseppe"]
[Black "Bassoli, Andrea D."]
[WhiteElo "1455"]
[BlackElo "1542"]
[Result "0-1"]
[PlyCount "96"]
[EventDate "2012.04.19"]

1. e4 d5 2. exd5 Qxd5 3. Nc3 Qa5 4. d4 Nf6 5. Bd2 c6 6. Nf3 Bg4 7. Be2 Qc7 8.
Ne5 Bf5 9. O-O e6 10. Bg4 Bxg4 11. Nxg4 Nbd7 12. Re1 Be7 13. Qf3 O-O-O 14. Ne5
Rhf8 15. Bf4 Bd6 16. Rad1 g6 17. Bh6 Rg8 18. Nxf7 Rde8 19. Nxd6+ Qxd6 20. a3 g5
21. Ne4 Nxe4 22. Rxe4 Rg6 23. Qf7 Nf6 24. Bxg5 Rf8 25. Qxe6+ Qxe6 26. Rxe6 Rxg5
27. c4 Ng4 28. f3 Rxf3 29. Re8+ Kd7 30. Rde1 Rf7 31. h3 Nf2 32. Kh2 Nd3 33.
R1e2 Nf4 34. R2e4 Rxg2+ 35. Kh1 Rfg7 36. Re1 Nd3 37. R1e7+ Rxe7 38. Rxe7+ Kxe7
39. Kxg2 Nxb2 40. c5 Ke6 41. Kf3 Kd5 42. Kf4 Kxd4 43. Kg5 Kxc5 44. h4 Nd3 45.
Kh6 Kd4 46. Kxh7 Nf4 47. Kh6 Ke4 48. Kg5 c5 0-1